00580 a2200169 4500020001800000082001200018090001500030100002900045245004300074260002200117300001100139650004100150700002500191942002000216999001700236952015700253 a9780099284963 a823.912 c7092d7092 a Maugham, W. Somerset aOf human bondagecW. Somerset Maugham aUKbVintagec1915 a700 p. aPeople with disabilities--Physicians aW. Somerset Maugham cBKk823.912 MAU c10897d10897 001040708NFICaCLbCLcGENd2012-04-20eGlobal~Link Information Servicesg519.14l1o823.912 MAUpSEECS011256r2023-06-09s2023-02-22w2017-01-05yBK